000 00274nam a2200109Ia 4500
008 150531s2010 xx 000 0 und d
100 _aSHARMA ,DEEPTI
245 _aTO EVALUATE AND COMPARE GINGIVAL CREVICULAR FLUID
260 _c2010
650 _aDENTISTRY
942 _2ddc
_cTH
999 _c7419
_d7419